Movies Quiz

Random Movies or Disney Quiz

Disney Princess Lineup Quiz Stats

 Plays Quiz Updated Aug 20, 2015

Challenge
Share
Tweet
Score 0/11 Timer 02:00
5 Plays Today
% Correct
Snow White
97.4%
Cinderella
96.6%
Mulan
95.7%
Jasmine
95.5%
Belle
95.1%
Ariel
93.6%
Aurora
90.3%
Pocahontas
89.1%
Rapunzel
81.3%
Tiana
69.6%
Merida
65.9%

You're not logged in!

Compare scores with friends on all Sporcle quizzes.
Join for Free
OR
Log In

You Might Also Like...

Show Comments

Extras

Top Quizzes Today


Score Distribution

Your Account Isn't Verified!

In order to create a playlist on Sporcle, you need to verify the email address you used during registration. Go to your Sporcle Settings to finish the process.

Report this User

Report this user for behavior that violates our Community Guidelines.

Details: